Statistics for Busiest airports by number of passengers per year in 2021..

Click here to take the quiz!

General Stats

  • This quiz has been taken 18 times
  • The average score is 10 of 15

Answer Stats

HintAnswer% Correct
USALos Angeles
100%
USAChicago
94%
TurkeyIstanbul
94%
USAAtlanta
83%
USAMiami
83%
USADallas
78%
USADenver
72%
USASeattle
67%
ChinaGuangzhou
61%
USAOrlando
61%
USALas Vegas
50%
ChinaShenzhen
50%
USACharlotte
44%
USAPhoenix
39%
ChinaChengdu
33%

Score Distribution

Percentile by Number Answered

Percent of People with Each Score

Your Score History

You have not taken this quiz